Sporcle Top Five Quiz Stats

 Plays Quiz Updated Jun 25, 2018

Score 0/80 Timer 07:00
0 Plays Today
Quiz Thing % Correct
Commonest English WordsA
98.1%
Commonest English WordsI
96.7%
U.S. PresidentsGeorge Washington
94.3%
U.S. StatesWashington
93.2%
Countries of the WorldUnited States
93.2%
Countries of North AmericaUnited States
93.2%
U.S. StatesCalifornia
92.9%
Countries of EuropeFrance
92.3%
Countries of AsiaChina
92%
U.S. StatesNew York
91.7%
Countries of the WorldCanada
90.5%
Countries of North AmericaCanada
90.4%
Countries of North AmericaMexico
88.1%
Countries of EuropeGermany
88.1%
Countries of the WorldMexico
88.1%
Ivy League SchoolsHarvard University
88%
3 Letter Body PartsEye
87.5%
U.S. PresidentsJohn Adams
87.4%
U.S. PresidentsBarack Obama
86.7%
Countries of EuropeSpain
86.6%
Countries of the WorldBrazil
86.6%
Countries of South AmericaBrazil
86.6%
U.S. StatesTexas
84.4%
3 Letter Body PartsArm
83.9%
Countries of AsiaJapan
83.6%
Countries of EuropeItaly
83.5%
Countries of EuropeUnited Kingdom
82.8%
Ivy League SchoolsYale University
82.6%
3 Letter Body PartsLeg
81.9%
Commonest English WordsThe
81.1%
3 Letter Body PartsEar
80.9%
Countries of AfricaSouth Africa
80.2%
U.S. StatesFlorida
79.9%
U.S. PresidentsAbraham Lincoln
79.7%
Countries of the WorldRussia
78.8%
Countries of AsiaRussia
78.8%
U.S. PresidentsBill Clinton
76.6%
Countries of AfricaEgypt
75.8%
Countries of South AmericaArgentina
75.1%
Periodic TableOxygen
74.1%
Quiz Thing % Correct
Pixar MoviesToy Story
73.8%
Countries of South AmericaChile
72.4%
Periodic TableHydrogen
72.1%
Countries of AsiaIndia
71.9%
3 Letter Body PartsToe
68.5%
NFL TeamsNew England Patriots
65.7%
151 Original PokémonPikachu
65.1%
Commonest English WordsHe
64.9%
Countries of South AmericaPeru
64.7%
Ivy League SchoolsPrinceton University
63.8%
Ivy League SchoolsBrown University
63.7%
NFL TeamsNew York Giants
63.6%
Periodic TableHelium
60.3%
Pixar MoviesToy Story 2
56.5%
NFL TeamsDallas Cowboys
54.1%
Pixar MoviesToy Story 3
53.6%
Commonest English WordsBe
53.3%
Periodic TableCarbon
52.3%
Countries of North AmericaCuba
51.1%
NFL TeamsNew York Jets
50.8%
U.S. CapitalsSacramento
49.5%
Countries of AfricaNiger
46%
Periodic TableNitrogen
45.8%
U.S. CapitalsAustin
44.6%
Countries of South AmericaParaguay
42.6%
Ivy League SchoolsColumbia University
42.3%
Countries of North AmericaPanama
39.8%
U.S. CapitalsBoston
39%
Pixar MoviesFinding Nemo
38.4%
Pixar MoviesMonsters, Inc.
37.3%
Countries of AfricaMorocco
36%
Countries of AsiaNorth Korea
32.7%
NFL TeamsMiami Dolphins
30.6%
151 Original PokémonSquirtle
29.9%
151 Original PokémonCharmander
29.3%
U.S. CapitalsAtlanta
27.7%
151 Original PokémonBulbasaur
24.5%
Countries of AfricaMadagascar
23.5%
151 Original PokémonCharizard
21.6%
U.S. CapitalsHonolulu
14.8%

You're not logged in!

Compare scores with friends on all Sporcle quizzes.
OR
Log In

Sporcle TV

Today on Sporcle TV


Watch our educational content, quiz creation guides, and fun videos on Sporcle TV.

Show Comments

Extras

Top Quizzes Today


Score Distribution

Your Account Isn't Verified!

In order to create a playlist on Sporcle, you need to verify the email address you used during registration. Go to your Sporcle Settings to finish the process.

Report this User

Report this user for behavior that violates our Community Guidelines.

Details: